00815nam a22002177a 4500999001700000005001700017010001500034020002600049020002300075035001300098037001300111082001200124100001600136245012200152260004500274270006300319300002700382500005000409942001700459952012100476 c90037d9003720230411111655.0 aENG-111228 a9780199452736c995.00 a0199452733c995.00 aEN-94760 bDBAD/PUB a330.122 aSom, Lalita aThe capitals of nations :cby Lalita Sombthe role of human, social and institutional capital in economic evolution / aNew DelhibOxford University Pressc2014 aYMCA Library building, 1 Jai Singh RoadbNew Delhie110001 axxxv, 274p.c22cm(hbk) aIncludes bibliographical references and index 2ddccENmSOM 001040708NFICaCJbCJd2014-11-14eDBAD/PUBg995.00l0o330.122 SOMpEN-94760r2014-11-14 00:00:00t1v995.00yEN